Musiker aus Oberösterreich - Statistiken

Allgemein
  • Dieses Quiz wurde 55 mal gespielt
  • Das Durchschnittsergebnis liegt bei 5 aus 15
Antwortstatistiken
Songs Musiker/Band % Korrekt
Ich lebe | Millionen Lichter Christina Stürmer
86%
Brenna tuats guat | Koa Hiatamadl Hubert von Goisern
72%
Maschin | Bungalow Bilderbuch
58%
Wie a Kind | Heast as net Ina Regen
53%
Oida taunz! | Woki mit deim Popo Trackshittaz
44%
Feiah fonga | Mocht jo nix Krautschädl
30%
Herzklopfn | Glick Poxrucker Sisters
30%
Nobody But You | Stone Cold Cesár Sampson
26%
Catgroove | All Night Parov Stelar
26%
Under Water | Sailing Away AVEC
21%
Ziwui, Ziwui | Ikarus Wilfried
16%
Monster | The Passenger (LaLaLa) LUM!X
12%
Eure Kinder | Off Chakuza
9%
Superego | Wannabe Leyya
9%
Aventura | Bite Mavi Phoenix
7%
Keine übereinstimmenden Quizze gefunden
Verteilung der Resultate
Anzahl Personen mit jedem Resultat
Perzentil nach korrekt beantworteten Fragen
Ihre Resultats-Entwicklung
Sie haben dieses Quiz noch nicht gespielt